000 00419nam a2200157Ia 4500
005 20250623022600.0
008 240331s9999 xx 000 0 und d
020 _a9559111000
082 _bPUN
_a323
100 _aPunchihewa, S.G
245 0 _aMinis ayithiwasakam
260 _aColombo
_bMDDR
_c1990
300 _a72 p .,
500 _aA statement from the movement for the Protection of democratic Rights
942 _cL
999 _c2498
_d2498